Účinnosť automatických stabilizátorov v procese vstupu SR do eurozóny záverečná správa za celú dobu riešenia projektu od 1/2008 do 12/2010

Na minha lista:
Detalhes bibliográficos
Autor principal: Ochotnický, Pavol
Outros Autores: Sokira, Jozef, Hofreiter, Miloš, 1982-, Kováč, Urban, Hocman, František, 1983-, Čambalová, Andrea
Formato: Livro
Idioma:eslovaco
Publicado em: Bratislava 2010
Assuntos:
Tags: Adicionar Tag
Sem tags, seja o primeiro a adicionar uma tag!

MARC

LEADER 00000nam a2200000 4500
001 0136039
005 20240610134632.7
041 0 |a slo 
044 |a SK 
245 1 0 |a Účinnosť automatických stabilizátorov v procese vstupu SR do eurozóny  |b záverečná správa za celú dobu riešenia projektu od 1/2008 do 12/2010  |c vedúci projektu Pavol Ochotnický, zástupca vedúceho projektu Jozef Sokira, spoluriešitelia Miloš Hofreiter, Urban Kováč, František Hocman, Andrea Čambalová 
264 1 |a Bratislava  |c 2010 
300 |a [11 s.] 
610 2 0 |a výdavky verejné 
610 2 0 |a saldo 
610 2 0 |a cykly hospodárske 
610 2 0 |a Slovensko 
610 2 0 |a Európska únia 
610 2 0 |a eurozóna 
100 1 |a Ochotnický, Pavol 
700 1 |a Sokira, Jozef 
700 1 |a Hofreiter, Miloš, 1982- 
700 1 |a Kováč, Urban 
700 1 |a Hocman, František, 1983- 
700 1 |a Čambalová, Andrea